Culture générale - #1 - Statistiques

Statistiques générales
  • Ce quiz a été pris 85 fois
  • Le résultat moyen est 8 sur 20
Statistiques - réponses
Question Réponse % Correct
Citez une couleur dans le drapeau des Seychelles. Bleu/Jaune/Rouge/Blanc/Vert
94%
Quel est le nom du colonel dans le jeu Cluedo ? Moutarde
75%
Quelle est l'année du couronnement de Charlemagne ? 800
63%
Quel événement majeur nucléaire s'est produit en 1986 ? Catastrophe de Tchernobyl
60%
Dans un cercle chromatique, quelle couleur est opposée au jaune ? Violet
49%
Donald Trump est le _ et _ ème président des Etats-Unis. 45e et 47e
46%
Dans quelle ville se déroule le Grand Prix d'Azerbaïdjan ? Bakou
44%
Dans le Pacifique se situe le point le plus profond des océans. Quelle est sa profondeur ? 11 km
43%
Quel est l'écrivain de Cyrano de Bergerac ? Edmond Rostand
43%
Dans quel pays a été fondé Nokia ? Finlande
43%
Avec quel pays la France partage-t-elle l'île de Saint-Martin ? Pays-Bas
41%
Quel est le festival de musique extrême à Clisson ? Hellfest
39%
Quelle est la capitale de la Papouasie-Nouvelle-Guinée ? Port Moresby
26%
Quel est le premier premier ministre de Charles de Gaulle ? Michel Debré
24%
Quelle est cette lettre grecque : θ ? Thêta
23%
Quel est le nombre d'éléments dans le tableau périodique ? 118
19%
Quelle est l'égérie du fast-food KFC ? Colonel Sanders
15%
Quels gaz principaux composent l'air ? Diazote et Dioxygène
3%
Quel est le premier ministre canadien ? Mark Carney
3%
Dans quelle ville se déroule le festival de glace et de neige en Chine ? Harbin
1%
Aucun quiz correspondant
Distribution des résultats
% des personnes avec chaque résultat
Percentile par nombre de réponses
Votre historique - résultats
Vous n’avez pas pris ce quiz